Islamic da'awah in the west [
| Main Author: | |
|---|---|
| Format: | Book |
| Published: |
Leicester :
The Islamic Foundation ,
19_.
|
| Subjects: |
MARC
| LEADER | 00000cam a2200000 7i4500 | ||
|---|---|---|---|
| 001 | 0000000111 | ||
| 002 | 000000126 | ||
| 005 | 20020925.0 | ||
| 020 | |a 000000126 | ||
| 090 | 0 | 0 | |a 297.7 |b JAM |
| 100 | 0 | |a Jamal Badawi |f Dr. | |
| 245 | 1 | 0 | |a Islamic da'awah in the west [ |h video recording] |c Dr. Jamal Badawi |
| 260 | |a Leicester : |b The Islamic Foundation , |c 19_. | ||
| 300 | |a 1 Video recording VHS (60:00 min) : |b col.(PAL) | ||
| 500 | |a Library has 1 copy | ||
| 650 | 0 | 0 | |a Da'wah (Islam) |
| 999 | |a PV0172 |b VIDEO |c RUJUKAN |e PERPUSTAKAAN KOMUNITI PETALING JAYA | ||